| Tag |
First Indicator |
Second Indicator |
Subfields |
| LEADER |
00000cam a2200000 a 4500 |
| 001 |
in00002780130 |
| 005 |
20150922144338.0 |
| 008 |
020213s2001 mx a b 000 0 spa |
| 010 |
|
|
|a 2002393737
|
| 019 |
|
|
|a 49633061
|
| 020 |
|
|
|a 9683693156
|
| 020 |
|
|
|a 9789683693150
|
| 029 |
1 |
|
|a NLGGC
|b 246817062
|
| 029 |
1 |
|
|a AU@
|b 000023746068
|
| 035 |
|
|
|a (OCoLC)ocm50123363
|
| 035 |
|
|
|a (OCoLC)50123363
|z (OCoLC)49633061
|
| 040 |
|
|
|a DLC
|c DLC
|d PIT
|d PL#
|d MUQ
|d UtOrBLW
|
| 043 |
|
|
|a n-mx---
|
| 049 |
|
|
|a TXAM
|
| 050 |
0 |
0 |
|a Z210
|b .E57 2001
|
| 245 |
0 |
0 |
|a Empresa y cultura en tinta y papel :
|b 1800-1860 /
|c coordinación general, Laura Beatriz Suárez de la Torre ; edición, Miguel Ángel Castro.
|
| 250 |
|
|
|a 1. ed.
|
| 264 |
|
1 |
|a México, D.F. :
|b Instituto Mora :
|b Instituto de Investigaciones Bibliográficas, Universidad Nacional Autónoma de México,
|c 2001.
|
| 300 |
|
|
|a 662 pages :
|b illustrations ;
|c 23 cm.
|
| 336 |
|
|
|a text
|b txt
|2 rdacontent
|
| 337 |
|
|
|a unmediated
|b n
|2 rdamedia
|
| 338 |
|
|
|a volume
|b nc
|2 rdacarrier
|
| 504 |
|
|
|a Includes bibliographical references.
|
| 650 |
|
0 |
|a Printing
|z Mexico
|x History
|y 19th century.
|
| 650 |
|
0 |
|a Book industries and trade
|z Mexico
|x History
|y 19th century.
|
| 650 |
|
0 |
|a Graphic arts
|z Mexico
|x History
|y 19th century.
|
| 650 |
|
6 |
|a Imprimerie
|z Mexique
|x Histoire
|y 19e siècle.
|
| 650 |
|
6 |
|a Livres
|x Industrie
|z Mexique
|x Histoire
|y 19e siècle.
|
| 650 |
|
6 |
|a Arts graphiques
|z Mexique
|x Histoire
|y 19e siècle.
|
| 653 |
|
|
|a Imprenta
|a Historia
|a México
|a Siglo XIX.
|
| 653 |
|
|
|a Diseño
|a México
|a Historia.
|
| 653 |
|
|
|a Cultura
|a México
|a Historia.
|
| 700 |
1 |
|
|a Suárez de la Torre, Laura.
|
| 700 |
1 |
|
|a Castro, Miguel Angel.
|
| 776 |
0 |
8 |
|i Online version:
|t Empresa y cultura en tinta y papel.
|b 1. ed.
|d México, D.F. : Instituto Mora : Instituto de Investigaciones Bibliográficas, Universidad Nacional Autónoma de México, 2001
|w (OCoLC)657057911
|
| 938 |
|
|
|a Puvill Libros
|b PUVL
|n 9683693156
|c $69.69
|
| 948 |
|
|
|a cataloged
|b h
|c 2012/11/19
|d c
|e fpiscitelli
|f 1:17:23 pm
|
| 994 |
|
|
|a C0
|b TXA
|
| 999 |
|
|
|a MARS
|
| 999 |
f |
f |
|s e4b20edb-d374-3f10-88c0-f825e675cf13
|i f1112a8c-a4cf-30c0-9ad7-e43defa65309
|t 0
|
| 952 |
f |
f |
|p noncirc
|a Texas A&M University
|b College Station
|c Cushing Memorial Library & Archives
|d Cushing: Colonial Mexican Imprints (Does not check out)
|t 0
|e Z210 .E57 2001
|h Library of Congress classification
|i unmediated -- volume
|
| 998 |
f |
f |
|a Z210 .E57 2001
|t 0
|l Cushing: Colonial Mexican Imprints (Does not check out)
|